|
|
|
|
| LEADER |
00000nam a22000007a 4500 |
| 005 |
20180330220712.0 |
| 007 |
cr|||| |||| |
| 008 |
180330s2005 mx |||||s||||f00||0 spa d |
| 035 |
|
|
|a 21234
|
| 040 |
|
|
|a vLex
|
| 090 |
|
|
|c 7595
|d 7595
|
| 100 |
1 |
|
|a Turrent Fernǹdez, Cšar
|
| 245 |
1 |
0 |
|a Hacia una polt̕ica de Estado en materia de negociaciones agrc̕olas de la Ronda de Doha de la Organizacin̤ Mundial de Comercio
|h [Recurso electrn̤ico] /
|c Cšar Turrent Fernǹdez
|
| 256 |
|
|
|a Servicio en ln̕ea
|
| 260 |
|
|
|a Ciudad de Mx̌ico:
|b Cm̀ara de Diputados,
|c 2005
|
| 300 |
|
|
|a 1 recurso electrn̤ico
|
| 506 |
1 |
|
|a Disponible solo en los productos indicados
|d vLex Global
|d vLex Global (Academic Edition, excluding Law Schools)
|d vLex Global (U.S. Academic Edition, Law Schools)
|d vLex Global (U.S. Academic Edition, excluding Law Schools)
|d vLex Global (Academic Edition, Law Schools)
|
| 650 |
0 |
4 |
|a Derecho Pb︢lico y Administrativo
|z Mx̌ico
|
| 740 |
0 |
|
|a vLex Libros (Servicio en ln̕ea)
|
| 856 |
4 |
0 |
|u http://vlex.com/source/politica-estado-materia-negociaciones-agricolas-ronda-doha-organizacion-mundial-comercio-21234
|z Acceso restringido
|
| 942 |
|
|
|c BOOK
|
| 999 |
0 |
|
|a Public and Administrative Law
|